An introduction to HTML / (Record no. 37929)
[ view plain ]
| 000 -LEADER | |
|---|---|
| fixed length control field | 00748nam a22002297a 4500 |
| 005 - DATE AND TIME OF LATEST TRANSACTION | |
| control field | 2010072205365.0 |
| 010 ## - LCCN (DPL NO) | |
| LC control number | ENG-97084 |
| 020 ## - INTERNATIONAL STANDARD BOOK NUMBER | |
| Terms of availability | 85.00 |
| International Standard Book Number | 9798188295455 |
| 020 ## - INTERNATIONAL STANDARD BOOK NUMBER | |
| Terms of availability | 85.00 |
| International Standard Book Number | 8188295450 |
| 035 ## - SYSTEM CONTROL NUMBER | |
| System control number | EN-80617 |
| 037 ## - SOURCE OF ACQUISITION | |
| Source of stock number/acquisition | DBAD/PUB |
| 082 ## - DEWEY DECIMAL CLASSIFICATION NUMBER | |
| Classification number | 005.2762 |
| 100 ## - MAIN ENTRY--PERSONAL NAME | |
| Personal name | Rajam, I. Arul |
| 245 ## - TITLE STATEMENT | |
| Title | An introduction to HTML / |
| Statement of responsibility, etc | by I. Arul Rajam |
| 260 ## - PUBLICATION, DISTRIBUTION, ETC. (IMPRINT) | |
| Place of publication, distribution, etc | Tamil Nadu |
| Name of publisher, distributor, etc | Nawal Publications |
| Date of publication, distribution, etc | 2008 |
| 270 ## - ADDRESS | |
| City | Tamil Nadu |
| Address | 53, Jaffersha Street, Trichi-8. |
| 300 ## - PHYSICAL DESCRIPTION | |
| Extent | 104 p. |
| Dimensions | 21 cm (pbk) |
| 700 ## - ADDED ENTRY--PERSONAL NAME | |
| 9 (RLIN) | 1438 |
| 700 ## - ADDED ENTRY--PERSONAL NAME | |
| 9 (RLIN) | 1585 |
| 942 ## - ADDED ENTRY ELEMENTS (KOHA) | |
| Source of classification or shelving scheme | Dewey Decimal Classification |
| Item type | English Books |
| Call number suffix | RAJ |
| Classification part | 005.2762 |
| Withdrawn status | Lost status | Not for loan | Collection code | Home library | Current library | Date acquired | Source of acquisition | Cost, normal purchase price | Full call number | Barcode | Copy number | Cost, replacement price | Koha item type |
|---|---|---|---|---|---|---|---|---|---|---|---|---|---|
| Not For Loan | Non-fiction | D.B.Act.Division | D.B.Act.Division | 27/07/2010 | DBAD/PUB | 85.00 | 005.2762 RAJ | EN-80617 | 1 | 85.00 | English Books |
